000 004440000a22001810004500
003 LK-CoMWRAF
005 20231027001116.0
008 230817t ||||| |||| 00| 0 eng d
040 _aLK-CoMWRAF
_dLK-CoMWRAF
_eLK-CoMWRAF
041 _aeng
082 _a297
_bWHO
245 _aWho are Hypocrites?
260 _aSri Lanka (Dehiwela) :
_bAl-Qalam,
_c1994
300 _a11p
650 _aQur'an
700 _aKhalid, Z.M.
_ecomp.
942 _cBK
999 _c1883
_d1883